[Event "Warsaw YMCA Summer-A 109th"]
[Site "Warsaw"]
[Date "2012.08.29"]
[Round "9"]
[White "Pawlowski, Michal"]
[Black "Szewczyk, Mariusz"]
[Result "1-0"]
[WhiteElo "1868"]
[BlackElo "2055"]
[PlyCount "63"]
[EventDate "2012.07.11"]
[EventType "tourn"]
[EventRounds "9"]
[EventCountry "POL"]
[SourceTitle "EXT 2019"]
[Source "ChessBase"]
[SourceDate "2018.10.10"]
[SourceVersion "1"]
[SourceVersionDate "2018.10.10"]
[SourceQuality "1"]

1. d4 Nf6 2. Nf3 e6 3. c4 b6 4. g3 Bb7 5. Bg2 c5 6. d5 exd5 7. Nh4 Nc6 8. cxd5 Nb4 9. Nc3 d6 10. Qa4+ Qd7 11. Qb3 Be7 12. a3 Na6 13. 0-0 0-0 14. e4 g6 15. f4 Nc7 16. Bd2 Ng4 17. Nf3 f5 18. e5 c4 19. Qxc4 Ba6 20. Qb3 Bxf1 21. Rxf1 Na6 22. h3 Nc5 23. Qd1 Nh6 24. Nd4 Rac8 25. Be3 Rfe8 26. Nc6 Bf8 27. Bd4 Bg7 28. Re1 Na6 29. Nb5 dxe5 30. fxe5 Bf8 31. e6 Qb7 32. Ncxa7 1-0

[Event "Warsaw Najdorf Memorial op-B"]
[Site "Warsaw"]
[Date "2010.07.17"]
[Round "1"]
[White "Pawlowski, Michal"]
[Black "Rozycki, Dariusz"]
[Result "1-0"]
[WhiteElo "1954"]
[BlackElo "1505"]
[PlyCount "33"]
[EventDate "2010.07.17"]
[EventType "swiss"]
[EventRounds "9"]
[EventCountry "POL"]
[SourceTitle "CBM 137 Extra"]
[Source "ChessBase"]
[SourceDate "2010.09.01"]
[SourceVersion "1"]
[SourceVersionDate "2010.09.01"]
[SourceQuality "1"]

1. e4 e5 2. Nf3 Nc6 3. Bb5 a6 4. Ba4 Nf6 5. 0-0 Be7 6. Bxc6 dxc6 7. d3 Qd6 8. Nbd2 Bg4 9. Nc4 Qe6 10. Ncxe5 Bxf3 11. Nxf3 0-0-0 12. Ng5 Qg4 13. Qxg4+ Nxg4 14. Nxf7 Rhf8 15. Nxd8 Rxd8 16. h3 Nxf2 17. Be3 1-0

[Event "Mazowiec-chT 0910"]
[Site "Mazowsze"]
[Date "2010.03.28"]
[Round "9.8"]
[White "Pawlowski, Michal"]
[Black "Dobrowolski, Marcin"]
[Result "1/2-1/2"]
[WhiteElo "1900"]
[BlackElo "1962"]
[PlyCount "44"]
[EventDate "2009.11.29"]
[EventType "team-tourn"]
[EventRounds "11"]
[EventCountry "POL"]
[SourceTitle "EXT 2011"]
[Source "ChessBase"]
[SourceDate "2010.11.26"]
[SourceVersion "1"]
[SourceVersionDate "2010.11.26"]
[SourceQuality "1"]

1. e4 g6 2. d4 Bg7 3. Nc3 d5 4. exd5 Nf6 5. Bc4 Nbd7 6. Qf3 Nb6 7. Bb3 a5 8. a4 0-0 9. h3 Qd7 10. Nge2 Rd8 11. Bf4 Nbxd5 12. Nxd5 Nxd5 13. Bxd5 Qxd5 14. Bxc7 Qxf3 15. gxf3 Rd7 16. Be5 Bh6 17. Rd1 b6 18. 0-0 Ba6 19. Rfe1 f6 20. Bg3 Rad8 21. Nc3 Kf7 22. d5 Bc4 1/2-1/2

[Event "Mazowiec-chT 0910"]
[Site "Mazowsze"]
[Date "2010.02.28"]
[Round "7.4"]
[White "Kwiatkowski, Wlodzimierz"]
[Black "Pawlowski, Michal"]
[Result "0-1"]
[WhiteElo "1961"]
[BlackElo "1900"]
[PlyCount "59"]
[EventDate "2009.11.29"]
[EventType "team-tourn"]
[EventRounds "11"]
[EventCountry "POL"]
[SourceTitle "EXT 2011"]
[Source "ChessBase"]
[SourceDate "2010.11.26"]
[SourceVersion "1"]
[SourceVersionDate "2010.11.26"]
[SourceQuality "1"]

1. e4 c6 2. d4 d5 3. exd5 cxd5 4. c4 Nf6 5. Nf3 Nc6 6. Be2 Bg4 7. cxd5 Nxd5 8. 0-0 e6 9. a3 Qb6 10. Re1 Be7 11. Nc3 Rd8 12. Na4 Qc7 13. h3 Bh5 14. b4 Nf4 15. Be3 Nxe2+ 16. Qxe2 0-0 17. Rac1 Qd7 18. g4 Bg6 19. Nc5 Bxc5 20. Rxc5 Be4 21. Ne5 Nxe5 22. Rxe5 Bd5 23. g5 f6 24. gxf6 Rxf6 25. Kh2 Rdf8 26. f4 Qf7 27. Qg4 Rc8 28. Bc1 Rg6 29. Qh4 Rg2+ 30. Kh1 0-1

[Event "Warsaw Hetmanie-A 1st"]
[Site "Warsaw"]
[Date "2010.02.22"]
[Round "8"]
[White "Baranowicz, Jan"]
[Black "Pawlowski, Michal"]
[Result "0-1"]
[WhiteElo "1693"]
[BlackElo "1914"]
[PlyCount "34"]
[EventDate "2010.01.04"]
[EventType "tourn"]
[EventRounds "11"]
[EventCountry "POL"]
[SourceTitle "EXT 2023"]
[Source "ChessBase"]
[SourceDate "2022.10.05"]
[SourceVersion "1"]
[SourceVersionDate "2022.10.05"]
[SourceQuality "1"]

1. e4 c6 2. d4 d5 3. Nc3 b5 4. exd5 b4 5. Ne4 Qxd5 6. Bd3 Qxd4 7. Nf3 Qd5 8. 0-0 Nf6 9. Nxf6+ gxf6 10. Qe2 Qh5 11. Qe4 Qg4 12. Bf4 Rg8 13. g3 e5 14. Rfe1 Be6 15. Bd2 Qxe4 16. Rxe4 Bd5 17. Re3 Bc5 0-1

[Event "Warsaw Hetmanie-A 1st"]
[Site "Warsaw"]
[Date "2010.02.08"]
[Round "6"]
[White "Prazmowski, Wlodzimierz"]
[Black "Pawlowski, Michal"]
[Result "0-1"]
[WhiteElo "1670"]
[BlackElo "1914"]
[PlyCount "95"]
[EventDate "2010.01.04"]
[EventType "tourn"]
[EventRounds "11"]
[EventCountry "POL"]
[SourceTitle "EXT 2023"]
[Source "ChessBase"]
[SourceDate "2022.10.05"]
[SourceVersion "1"]
[SourceVersionDate "2022.10.05"]
[SourceQuality "1"]

1. d4 d5 2. c4 Nc6 3. Nf3 Bg4 4. Nc3 Bxf3 5. exf3 dxc4 6. d5 Ne5 7. f4 Nd3+ 8. Bxd3 cxd3 9. Qxd3 a6 10. 0-0 Nf6 11. Rd1 Qd7 12. Be3 g6 13. Rac1 Bg7 14. h3 0-0 15. Bd4 Rfd8 16. Be5 c6 17. d6 exd6 18. Qxd6 Qxd6 19. Rxd6 Rxd6 20. Bxd6 Rd8 21. Be5 Kf8 22. Rd1 Rxd1+ 23. Nxd1 Nd5 24. g3 Bxe5 25. fxe5 Ke7 26. f4 Ke6 27. Kf2 g5 28. Kf3 gxf4 29. gxf4 Kf5 30. Ne3+ Nxe3 31. Kxe3 c5 32. a4 b5 33. a5 b4 34. b3 h6 35. h4 h5 36. Kd3 Kxf4 37. Kc4 Kxe5 38. Kxc5 f5 39. Kb6 f4 40. Kxa6 f3 41. Kb7 f2 42. a6 f1Q 43. a7 Qa1 44. a8Q Qxa8+ 45. Kxa8 Kd4 46. Kb7 Kc3 47. Kc6 Kxb3 48. Kd5 0-1

[Event "Warsaw Hetmanie-A 1st"]
[Site "Warsaw"]
[Date "2010.01.18"]
[Round "3"]
[White "Pawlowski, Michal"]
[Black "Safanowski, Tomasz"]
[Result "1-0"]
[WhiteElo "1914"]
[BlackElo "1791"]
[PlyCount "65"]
[EventDate "2010.01.04"]
[EventType "tourn"]
[EventRounds "11"]
[EventCountry "POL"]
[SourceTitle "EXT 2023"]
[Source "ChessBase"]
[SourceDate "2022.10.05"]
[SourceVersion "1"]
[SourceVersionDate "2022.10.05"]
[SourceQuality "1"]

1. e4 e6 2. d4 d5 3. Nc3 dxe4 4. Nxe4 Bd7 5. Nf3 Bc6 6. Bd3 Nd7 7. Qe2 Ngf6 8. c3 Be7 9. 0-0 Bxe4 10. Bxe4 Nxe4 11. Qxe4 c6 12. Qg4 0-0 13. Bh6 Bf6 14. Rad1 Qa5 15. a3 Rad8 16. h4 e5 17. Bg5 exd4 18. Nxd4 Ne5 19. Qf4 Bxg5 20. Qxg5 Rd5 21. b4 Qd8 22. Qg3 Qf6 23. Rde1 Rfd8 24. Re4 Ng6 25. Rfe1 h6 26. R1e3 Qd6 27. Qg4 Re5 28. Qe2 Rxe4 29. Rxe4 Nf4 30. Re8+ Kh7 31. Qe4+ f5 32. Qxf5+ g6 33. Qf7# 1-0

[Event "Chylice Fidelice Cup"]
[Site "Chylice"]
[Date "2009.10.09"]
[Round "1.9"]
[White "Krawiecki, Stanislaw"]
[Black "Pawlowski, Michal"]
[Result "0-1"]
[WhiteElo "1388"]
[BlackElo "1927"]
[PlyCount "100"]
[EventDate "2009.10.09"]
[EventType "swiss"]
[EventRounds "5"]
[EventCountry "POL"]
[SourceTitle "EXT 2023"]
[Source "ChessBase"]
[SourceDate "2022.10.05"]
[SourceVersion "1"]
[SourceVersionDate "2022.10.05"]
[SourceQuality "1"]

1. e4 c5 2. Nc3 Nc6 3. g3 g6 4. Bg2 Bg7 5. d3 d6 6. Be3 Qa5 7. Qd2 e6 8. Nge2 Nd4 9. Nd1 Nxc2+ 10. Kf1 Qxd2 11. Bxd2 Nxa1 12. Bc3 Bxc3 13. Ndxc3 Bd7 14. Ke1 Nc2+ 15. Kd2 Nd4 16. Nxd4 cxd4 17. Ne2 e5 18. Rc1 Rc8 19. Rxc8+ Bxc8 20. Nc1 Nf6 21. h3 Be6 22. a3 Ke7 23. Kc2 Rc8+ 24. Kd2 d5 25. exd5 Bxd5 26. Bxd5 Nxd5 27. Nb3 f5 28. Na5 b6 29. Nc4 Ke6 30. h4 g5 31. hxg5 Rg8 32. Ke2 Rxg5 33. Kf3 f4 34. g4 Nf6 35. Kg2 Nxg4 36. Kf1 f3 37. Ke1 h5 38. Nd2 Nh2 39. Kd1 Rg1+ 40. Kc2 Rg2 41. Ne4 Ng4 42. Ng5+ Kd5 43. Nxf3 Rxf2+ 44. Nd2 h4 45. Kc1 h3 46. Ne4 Rg2 47. Kd1 h2 48. Nd2 Ne3+ 49. Kc1 h1Q+ 50. Nf1 Qxf1# 0-1

[Event "Warsaw City-ch"]
[Site "Warsaw"]
[Date "2009.10.04"]
[Round "9"]
[White "Winiarski, Mikolaj"]
[Black "Pawlowski, Michal"]
[Result "1/2-1/2"]
[WhiteElo "1729"]
[BlackElo "1927"]
[PlyCount "93"]
[EventDate "2009.09.26"]
[EventType "swiss"]
[EventRounds "9"]
[EventCountry "POL"]
[SourceTitle "EXT 2010"]
[Source "ChessBase"]
[SourceDate "2010.11.25"]
[SourceVersion "1"]
[SourceVersionDate "2010.11.25"]
[SourceQuality "1"]

1. d4 d5 2. c4 c6 3. Nc3 e6 4. e3 Nf6 5. Nf3 Nbd7 6. c5 b6 7. b4 a5 8. b5 Bb7 9. cxb6 Qxb6 10. Bd2 c5 11. Bd3 c4 12. Bc2 Bb4 13. a4 0-0 14. 0-0 Rfe8 15. Ng5 h6 16. Nf3 e5 17. Bf5 e4 18. Bxd7 Nxd7 19. Ne1 Bd6 20. g3 Qc7 21. Ng2 Nf6 22. Rb1 Qd7 23. Ne2 g5 24. Kh1 Qf5 25. Ng1 Qd7 26. Qe1 Qd8 27. Bc3 Bc7 28. Qd2 g4 29. h4 gxh3 30. Nxh3 Bc8 31. Ngf4 Bg4 32. Rb2 Bb6 33. Rfb1 Nh7 34. Ng1 Ng5 35. Kg2 Qd7 36. Kf1 Kg7 37. Ke1 Rh8 38. Ng2 h5 39. Nh4 f5 40. Qc1 Rhe8 41. Ne2 Nf3+ 42. Nxf3 Bxf3 43. Nf4 Rh8 44. Kd2 h4 45. gxh4 Rxh4 46. Kc2 Kh7 47. Qd2 1/2-1/2

[Event "Warsaw City-ch"]
[Site "Warsaw"]
[Date "2009.10.03"]
[Round "7"]
[White "Lewandrowski, Tomasz"]
[Black "Pawlowski, Michal"]
[Result "0-1"]
[WhiteElo "1811"]
[BlackElo "1927"]
[PlyCount "80"]
[EventDate "2009.09.26"]
[EventType "swiss"]
[EventRounds "9"]
[EventCountry "POL"]
[SourceTitle "EXT 2010"]
[Source "ChessBase"]
[SourceDate "2010.11.25"]
[SourceVersion "1"]
[SourceVersionDate "2010.11.25"]
[SourceQuality "1"]

1. e4 c6 2. Nc3 d5 3. Nf3 dxe4 4. Nxe4 Bf5 5. Ng3 Bg6 6. Bc4 Nd7 7. h4 h5 8. d4 e6 9. Qe2 Ngf6 10. Bg5 Be7 11. 0-0-0 Qc7 12. Bxf6 Bxf6 13. Kb1 0-0-0 14. Ne4 Qf4 15. Bd3 Rhe8 16. g3 Qc7 17. Nxf6 gxf6 18. Rhe1 Nb6 19. Bxg6 fxg6 20. Qe4 Qf7 21. Rd3 Rd5 22. Nd2 e5 23. f4 f5 24. Qe3 e4 25. Ra3 Red8 26. Rxa7 Kb8 27. Ra3 Rxd4 28. c3 Rxd2 29. Qxb6 Qc4 30. Qa7+ Kc7 31. Qa5+ Kd7 32. Qa4 Qd3+ 33. Kc1 Ke8 34. Qb3 Kf8 35. c4 Qd4 36. Ra5 c5 37. Rb5 e3 38. Rxc5 Qxc5 39. Qxe3 Rd1+ 40. Kc2 Qxc4+ 0-1

[Event "Warsaw City-ch"]
[Site "Warsaw"]
[Date "2009.10.03"]
[Round "6"]
[White "Ogonowski, Jakub"]
[Black "Pawlowski, Michal"]
[Result "0-1"]
[WhiteElo "1555"]
[BlackElo "1927"]
[PlyCount "116"]
[EventDate "2009.09.26"]
[EventType "swiss"]
[EventRounds "9"]
[EventCountry "POL"]
[SourceTitle "EXT 2010"]
[Source "ChessBase"]
[SourceDate "2010.11.25"]
[SourceVersion "1"]
[SourceVersionDate "2010.11.25"]
[SourceQuality "1"]

1. e4 c6 2. Nf3 d5 3. e5 Bg4 4. d4 Qb6 5. c3 e6 6. Be2 c5 7. 0-0 Nc6 8. Nbd2 Rc8 9. Nb3 c4 10. Nbd2 Nge7 11. b3 Qa5 12. b4 Qc7 13. a4 f6 14. exf6 gxf6 15. h3 Bf5 16. Nh4 Bg6 17. Nxg6 hxg6 18. Nf3 Nf5 19. Qd2 Bh6 20. Qd1 Kf7 21. Bxh6 Rxh6 22. Nh2 Rch8 23. Bg4 Nh4 24. Qe2 f5 25. Bf3 g5 26. Rfe1 g4 27. Bxg4 fxg4 28. Nxg4 Rg6 29. b5 Nd8 30. Ne5+ Kg7 31. Nxg6 Nxg6 32. Qg4 Qf4 33. Qg3 Rh5 34. Re3 Rg5 35. Qxf4 Nxf4 36. Kf1 Nxg2 37. Rg3 Rxg3 38. fxg3 Ne3+ 39. Kf2 Nf5 40. Re1 Nd6 41. Kf3 Ne4 42. Re3 Kf6 43. Kf4 Nf7 44. g4 Nh8 45. Rxe4 dxe4 46. Kxe4 Nf7 47. h4 Nd6+ 48. Ke3 e5 49. g5+ Kf5 50. dxe5 Kxe5 51. g6 Nf5+ 52. Ke2 Ke4 53. Kd2 Ng7 54. Ke2 Nh5 55. a5 Ng7 56. a6 b6 57. Kd2 Kf3 58. Kc2 Ke2 0-1

[Event "Warsaw-ch opB 62nd"]
[Site "Warsaw"]
[Date "2009.09.07"]
[Round "7"]
[White "Jarmula, Pawel"]
[Black "Pawlowski, Michal"]
[Result "1-0"]
[WhiteElo "1828"]
[BlackElo "1927"]
[PlyCount "93"]
[EventDate "2009.08.31"]
[EventType "swiss"]
[EventRounds "9"]
[EventCountry "POL"]
[SourceTitle "EXT 2011"]
[Source "ChessBase"]
[SourceDate "2010.11.26"]
[SourceVersion "1"]
[SourceVersionDate "2010.11.26"]
[SourceQuality "1"]

1. e4 c5 2. Nf3 Nc6 3. Bb5 g6 4. Bxc6 bxc6 5. 0-0 Nf6 6. Re1 Bg7 7. c3 0-0 8. d4 cxd4 9. cxd4 d5 10. e5 Ne4 11. Nbd2 Nxd2 12. Bxd2 Qb6 13. Qc1 Rb8 14. b3 Bg4 15. Qc3 Rfc8 16. Rac1 Qa6 17. Qb2 Bf8 18. Be3 e6 19. Nd2 Ba3 20. Qa1 Bxc1 21. Rxc1 Bf5 22. h3 h5 23. Nf1 Bd3 24. Nh2 Qa3 25. Qc3 Ba6 26. Qd2 Qb4 27. Qd1 Qb5 28. Qf3 Qd3 29. g4 hxg4 30. Nxg4 Kf8 31. Nh6 f5 32. exf6 Rb7 33. f7 Kg7 34. Rxc6 Rf8 35. Rxe6 Rfxf7 36. Nxf7 Rxf7 37. Bh6+ Kxh6 38. Qxf7 Qf1+ 39. Kh2 Bd3 40. Qf8+ Kg5 41. Qe7+ Kh5 42. Qh7+ Kg5 43. h4+ Kg4 44. Rxg6+ Bxg6 45. Qxg6+ Kxh4 46. Qg3+ Kh5 47. Qh3+ 1-0

[Event "Warsaw YMCA Autumn 41st"]
[Site "Warsaw"]
[Date "2007.12.06"]
[Round "10"]
[White "Pawlowski, Michal"]
[Black "Pietrzak, Wojciech"]
[Result "1-0"]
[WhiteElo "1939"]
[BlackElo "1938"]
[PlyCount "107"]
[EventDate "2007.09.26"]
[EventType "tourn"]
[EventRounds "11"]
[EventCountry "POL"]
[SourceTitle "EXT 2019"]
[Source "ChessBase"]
[SourceDate "2018.10.10"]
[SourceVersion "1"]
[SourceVersionDate "2018.10.10"]
[SourceQuality "1"]

1. c4 e5 2. Nc3 Nf6 3. Nf3 e4 4. Ng5 b5 5. Ngxe4 Nxe4 6. Nxe4 bxc4 7. e3 d5 8. Nc3 c5 9. Qf3 Nc6 10. Qxd5 Nb4 11. Qxa8 Nc2+ 12. Kd1 Bg4+ 13. f3 Qxa8 14. Kxc2 Be6 15. d3 cxd3+ 16. Bxd3 c4 17. Be4 Qc8 18. Rd1 Bc5 19. g4 h5 20. g5 Qc7 21. f4 Bg4 22. Rd5 0-0 23. Bd2 Be6 24. Re5 Rb8 25. g6 Qb6 26. gxf7+ Bxf7 27. Rb1 Bf8 28. Nd5 Qa6 29. Rg1 Qxa2 30. Bc3 Qa4+ 31. Kd2 Rd8 32. Ke2 Rxd5 33. Bxd5 Qc2+ 34. Kf3 Bxd5+ 35. Rxd5 Qxh2 36. Rdg5 h4 37. f5 Kf7 38. Bxg7 Qh3+ 39. Ke4 Be7 40. R5g4 Bc5 41. Bd4 Bf8 42. Be5 Bh6 43. Bd4 Qh2 44. Rg6 h3 45. Rf6+ Ke7 46. Rgg6 c3 47. bxc3 Qc2+ 48. Ke5 Qh2+ 49. Kd5 Qa2+ 50. c4 h2 51. Bc5+ Kd7 52. Rf7+ Ke8 53. Re7+ Kf8 54. Rh7+ 1-0

[Event "Warsaw YMCA Autumn 41st"]
[Site "Warsaw"]
[Date "2007.11.22"]
[Round "8"]
[White "Pawlowski, Michal"]
[Black "Nairi, Laurent"]
[Result "0-1"]
[WhiteElo "1939"]
[BlackElo "2011"]
[PlyCount "82"]
[EventDate "2007.09.26"]
[EventType "tourn"]
[EventRounds "11"]
[EventCountry "POL"]
[SourceTitle "EXT 2019"]
[Source "ChessBase"]
[SourceDate "2018.10.10"]
[SourceVersion "1"]
[SourceVersionDate "2018.10.10"]
[SourceQuality "1"]

1. f4 d5 2. Nf3 c5 3. b3 Nf6 4. Bb2 g6 5. e3 Bg7 6. c4 0-0 7. d4 cxd4 8. exd4 Nc6 9. Be2 dxc4 10. bxc4 Qb6 11. Qb3 Qa5+ 12. Bc3 Qf5 13. d5 Nb8 14. g3 Na6 15. 0-0 Nc5 16. Qd1 Bd7 17. Na3 Ba4 18. Qd4 b6 19. Rae1 e6 20. Nh4 Qh3 21. Bf3 exd5 22. cxd5 Rad8 23. Re7 Bc6 24. Bg2 Qg4 25. Bf3 Qc8 26. Rxa7 Bxd5 27. Bxd5 Rxd5 28. Qc4 Qd8 29. Nf3 Nce4 30. Bxf6 Nxf6 31. Re1 Rd1 32. Qe2 Rxe1+ 33. Qxe1 Re8 34. Qd2 Qb8 35. Ra4 Ne4 36. Qc2 Qb7 37. Ne5 Nc5 38. Rb4 Bxe5 39. Qxc5 Bg7 40. Qc4 Qf3 41. Rb1 Re2 0-1

[Event "Warsaw YMCA Autumn 41st"]
[Site "Warsaw"]
[Date "2007.11.15"]
[Round "7"]
[White "Jozwik, Jacek"]
[Black "Pawlowski, Michal"]
[Result "1/2-1/2"]
[WhiteElo "2041"]
[BlackElo "1939"]
[PlyCount "108"]
[EventDate "2007.09.26"]
[EventType "tourn"]
[EventRounds "11"]
[EventCountry "POL"]
[SourceTitle "EXT 2019"]
[Source "ChessBase"]
[SourceDate "2018.10.10"]
[SourceVersion "1"]
[SourceVersionDate "2018.10.10"]
[SourceQuality "1"]

1. d4 Nf6 2. c4 b6 3. g3 Bb7 4. Nf3 e6 5. Bg2 d5 6. 0-0 Be7 7. b3 Nbd7 8. Bb2 0-0 9. Nc3 c5 10. cxd5 Nxd5 11. dxc5 Nxc5 12. Nxd5 Bxd5 13. Rc1 Rc8 14. b4 Ne4 15. Qa4 Rxc1 16. Rxc1 a5 17. bxa5 bxa5 18. Be5 Bd6 19. Bxd6 Qxd6 20. Qxa5 h6 21. Rd1 Qe7 22. Ne5 Ra8 23. Qb6 Nc3 24. Rd2 Qa3 25. Bxd5 exd5 26. Qd4 Ra4 27. Qd3 f6 28. Ng6 Re4 29. Nf4 g5 30. Nxd5 Nxe2+ 31. Kg2 Qxd3 32. Rxd3 Ra4 33. Nxf6+ Kf7 34. Rd2 Nxg3 35. hxg3 Kxf6 36. Kf3 h5 37. Ke3 Kf5 38. f3 Ra3+ 39. Kf2 Ke5 40. Kg2 Kf5 41. Re2 Ra4 42. Kh3 Ra3 43. Rf2 Ke5 44. g4 h4 45. Kg2 Kf4 46. Rb2 Ra4 47. Kf2 h3 48. Re2 h2 49. Kg2 h1Q+ 50. Kxh1 Kxf3 51. Rg2 Ra7 52. Kh2 Rh7+ 53. Kg1 Ra7 54. Kf1 Ra6 1/2-1/2

[Event "Warsaw YMCA Autumn 41st"]
[Site "Warsaw"]
[Date "2007.09.27"]
[Round "1"]
[White "Pawlowski, Michal"]
[Black "Ponceleusz, Bronislaw"]
[Result "1/2-1/2"]
[WhiteElo "1939"]
[BlackElo "1980"]
[PlyCount "48"]
[EventDate "2007.09.26"]
[EventType "tourn"]
[EventRounds "11"]
[EventCountry "POL"]
[SourceTitle "EXT 2019"]
[Source "ChessBase"]
[SourceDate "2018.10.10"]
[SourceVersion "1"]
[SourceVersionDate "2018.10.10"]
[SourceQuality "1"]

1. f4 g6 2. Nf3 Bg7 3. e4 c6 4. d4 d5 5. e5 Nh6 6. Bd3 0-0 7. 0-0 Bg4 8. c3 f6 9. Nbd2 fxe5 10. fxe5 e6 11. Qe1 Qe7 12. Qg3 Nd7 13. h3 Bf5 14. Be2 c5 15. Nb3 Nf7 16. Nh4 Bc2 17. Bd2 c4 18. Nc1 Nh6 19. Bg5 Rxf1+ 20. Bxf1 Qf7 21. Ne2 Nf5 22. Nxf5 Qxf5 23. Qf4 Rf8 24. Qxf5 Rxf5 1/2-1/2

[Event "Mazowieckie-chT 0506"]
[Site "Poland"]
[Date "2005.10.09"]
[Round "1"]
[White "Pawlowski, Michal"]
[Black "Kudla, Andrzej"]
[Result "0-1"]
[WhiteElo "1988"]
[BlackElo "2080"]
[PlyCount "64"]
[EventDate "2005.10.09"]
[EventType "team-tourn"]
[EventRounds "9"]
[EventCountry "POL"]
[SourceTitle "EXT 2019"]
[Source "ChessBase"]
[SourceDate "2018.10.10"]
[SourceVersion "1"]
[SourceVersionDate "2018.10.10"]
[SourceQuality "1"]

1. d4 d5 2. Nf3 Nf6 3. c4 dxc4 4. e3 Bg4 5. Bxc4 e6 6. Qb3 Bxf3 7. gxf3 Nbd7 8. Nc3 c5 9. d5 exd5 10. Nxd5 Bd6 11. Bd2 0-0 12. 0-0-0 b5 13. Qxb5 Rb8 14. Qa5 Be5 15. b3 Nb6 16. Nxb6 axb6 17. Qb5 Ne8 18. Qc6 Qe7 19. f4 Bf6 20. e4 b5 21. Bxb5 Nd6 22. e5 Nxb5 23. exf6 Qa7 24. Kb1 Ra8 25. a4 Nd4 26. Qg2 g6 27. a5 Nxb3 28. Bc3 Nxa5 29. Qh3 Nb3 30. Kc2 Qa4 31. Bb2 Nd4+ 32. Kb1 Qc2# 0-1

[Event "Mazowieckie-chT 0405"]
[Site "Poland"]
[Date "2005.01.23"]
[Round "8"]
[White "Pac, Maciej"]
[Black "Pawlowski, Michal"]
[Result "1/2-1/2"]
[WhiteElo "1800"]
[BlackElo "1973"]
[PlyCount "84"]
[EventDate "2004.10.03"]
[EventType "team-tourn"]
[EventRounds "10"]
[EventCountry "POL"]
[SourceTitle "EXT 2019"]
[Source "ChessBase"]
[SourceDate "2018.10.10"]
[SourceVersion "1"]
[SourceVersionDate "2018.10.10"]
[SourceQuality "1"]

1. d4 d5 2. g3 Nf6 3. Bg2 e6 4. Nf3 b6 5. c3 Bb7 6. Nbd2 Nbd7 7. 0-0 Bd6 8. Re1 0-0 9. e4 dxe4 10. Ng5 Qe7 11. Ngxe4 Rab8 12. Nxd6 cxd6 13. Nf1 Bxg2 14. Kxg2 Rfd8 15. Ne3 d5 16. Nc2 Ne4 17. f3 Nd6 18. Nb4 Rbc8 19. Nxd5 Qf8 20. Nf4 Nf6 21. Nd3 Nd5 22. Nf4 Nf6 23. Qe2 Qe8 24. Nd3 h6 25. Bf4 Nd5 26. Bxd6 Rxd6 27. Qe5 Rdc6 28. Qe2 Qd8 29. Rad1 R6c7 30. Qe5 Qf6 31. Nf2 Qxe5 32. Rxe5 b5 33. a3 a5 34. Rc1 b4 35. axb4 axb4 36. Nd1 bxc3 37. bxc3 Nxc3 38. Nxc3 Rxc3 39. Rxc3 Rxc3 40. f4 Rd3 41. Re4 Kf8 42. h3 Rd2+ 1/2-1/2

[Event "Mazowieckie-chT 0405"]
[Site "Poland"]
[Date "2004.12.05"]
[Round "5"]
[White "Pawlowski, Michal"]
[Black "Rudny, Tomasz"]
[Result "1/2-1/2"]
[WhiteElo "1973"]
[BlackElo "1800"]
[PlyCount "28"]
[EventDate "2004.10.03"]
[EventType "team-tourn"]
[EventRounds "10"]
[EventCountry "POL"]
[SourceTitle "EXT 2019"]
[Source "ChessBase"]
[SourceDate "2018.10.10"]
[SourceVersion "1"]
[SourceVersionDate "2018.10.10"]
[SourceQuality "1"]

1. d4 d5 2. Nf3 Nf6 3. c4 e6 4. Nc3 c5 5. e3 Nc6 6. Bd3 Be7 7. 0-0 0-0 8. a3 cxd4 9. exd4 dxc4 10. Bxc4 a6 11. d5 exd5 12. Nxd5 Nxd5 13. Bxd5 Qb6 14. Qc2 Bg4 1/2-1/2

[Event "Mazowieckie-chT 0405"]
[Site "Poland"]
[Date "2004.11.07"]
[Round "3"]
[White "Pawlowski, Michal"]
[Black "Ceglowski, Ryszard"]
[Result "0-1"]
[WhiteElo "1973"]
[BlackElo "2023"]
[PlyCount "152"]
[EventDate "2004.10.03"]
[EventType "team-tourn"]
[EventRounds "10"]
[EventCountry "POL"]
[SourceTitle "EXT 2019"]
[Source "ChessBase"]
[SourceDate "2018.10.10"]
[SourceVersion "1"]
[SourceVersionDate "2018.10.10"]
[SourceQuality "1"]

1. d4 Nf6 2. Nf3 g6 3. Nc3 d5 4. Bg5 Bg7 5. Bxf6 Bxf6 6. e4 dxe4 7. Nxe4 Bg7 8. Bc4 0-0 9. 0-0 Bg4 10. c3 Nd7 11. Neg5 h6 12. Nxf7 Rxf7 13. Bxf7+ Kxf7 14. Ng5+ hxg5 15. Qxg4 Bf6 16. d5 Ne5 17. Qe6+ Kg7 18. f4 gxf4 19. Rxf4 Qd6 20. Qxd6 cxd6 21. Rb4 b6 22. a4 Nd3 23. Rb5 Nxb2 24. Rxb2 Bxc3 25. Rab1 Bxb2 26. Rxb2 Rc8 27. Rb4 Rc2 28. h4 Rd2 29. Rb5 Kf6 30. a5 Rd4 31. g3 Rd2 32. axb6 axb6 33. Rxb6 Rxd5 34. Kf2 Kf5 35. Rb4 e5 36. g4+ Kf6 37. Kf3 Rd1 38. Rb8 Rd3+ 39. Kg2 e4 40. Rf8+ Ke7 41. Rg8 Kf7 42. Rd8 Rd2+ 43. Kg3 e3 44. Kf3 e2 45. Kf2 d5 46. Ke1 Rd4 47. Kxe2 Ke7 48. Rh8 Rxg4 49. Ke3 Re4+ 50. Kf3 Kd6 51. Rd8+ Kc5 52. Rc8+ Kd4 53. Rc6 Rxh4 54. Rxg6 Kd3 55. Rg1 d4 56. Kf2 Rh2+ 57. Ke1 Kc2 58. Rg7 Rh1+ 59. Kf2 Rh3 60. Rc7+ Rc3 61. Rd7 d3 62. Rd6 Rc7 63. Ke1 Re7+ 64. Kf2 Re4 65. Rc6+ Kb3 66. Rb6+ Kc3 67. Rc6+ Rc4 68. Rd6 Kd2 69. Rd7 Rf4+ 70. Kg2 Ke2 71. Re7+ Kd1 72. Rd7 Ke2 73. Re7+ Kd1 74. Rb7 d2 75. Rb8 Rc4 76. Kf2 Kc1 0-1

[Event "Warsaw-ch"]
[Site "Warsaw"]
[Date "2004.09.21"]
[Round "4"]
[White "Pawlowski, Michal"]
[Black "Sadowski, Miroslaw"]
[Result "0-1"]
[WhiteElo "1973"]
[BlackElo "2171"]
[PlyCount "52"]
[EventDate "2004.09.18"]
[EventType "swiss"]
[EventRounds "9"]
[EventCountry "POL"]
[SourceTitle "EXT 2008"]
[Source "ChessBase"]
[SourceDate "2007.11.25"]
[SourceVersion "1"]
[SourceVersionDate "2007.11.25"]
[SourceQuality "1"]

1. d4 d6 2. Nc3 Nf6 3. e4 e5 4. Nf3 Nbd7 5. Be3 Be7 6. Bc4 h6 7. h3 c6 8. a4 Qc7 9. dxe5 dxe5 10. Nd2 Nc5 11. Qf3 Ne6 12. Ne2 Ng5 13. Bxg5 hxg5 14. Qb3 Bc5 15. Ng3 g4 16. h4 g6 17. a5 Nh5 18. Nxh5 gxh5 19. 0-0-0 b5 20. axb6 axb6 21. Qd3 b5 22. Bb3 Qe7 23. Qc3 0-0 24. f3 Bd4 25. Qd3 Bxb2+ 26. Kxb2 Qa3+ 0-1